00559nam a2200169 a 4500008004100000020001500041050001600056100001800072245010600090260003500196300002100231350000900252490003900261650001500300650005200315700002200367101101s2000 ||||||||||||||||| || u a0333739663 aHF 5549 Eth aWoodall, Jean10aEthical issues in contemporary human resource managementcedited by Diana Winstanley and Jean Woodall aLondon:bMacMillan Pressc2000 axii, 301p.: ill. a0.00 aManagement, work and organisations 0aMANAGEMENT aPERSONNEL MANAGEMENT--MORAL AND ETHICAL ASPECTS aWinstanley, Diana